000 01587nam0a2200325 i 4500
001 RU\NLR\BIBL_A\011274618
005 20241103043232.0
010 _a9785763834949
_9500
021 _aRU
_b2016-84383
_95514
035 _a(NLR Aleph) 011274618
090 _a10838374
_c10838374
100 _a20161118d2016 k y0rusy50 ca
101 0 _arus
102 _aRU
105 _aa z 000zy
200 1 _aПланирование и управление дискретным производством
_eмонография
_fД.В. Капулин, Р.Ю. Царев, Е.Е. Носкова, А.С. Черниговский
_gМ-во образования и науки Рос. Федерации, Сибир. федер. ун-т
210 _aКрасноярск
_cСФУ
_d2016
215 _a193 с.
_cил.
_d20
320 _aБиблиогр.: с. 191-193 (38 назв.)
606 _aПроекты
_xУправление
_xСетевые методы
_92081410
_3RU\NLR\AUTH\661257390
686 1 _aУ21(2)2
686 1 _aУ31(2)-21
701 1 _aКапулин
_bД. В.
_cканд. техн. наук
_gДенис Владимирович
_9179272
_3RU\NLR\AUTH\770179323
701 1 _7ca
_8rus
_aЦарёв
_bР. Ю.
_cд-р техн. наук
_gРоман Юрьевич
_9164739
_3RU\NLR\AUTH\770164783
701 1 _aНоскова
_bЕ. Е.
_cканд. техн. наук
_gЕлена Евгеньевна
_9179277
_3RU\NLR\AUTH\770179328
701 1 _aЧерниговский
_bА. С.
_gАлексей Сергеевич
942 _cBOOK
980 _aNBR